Pays par films s'y déroulant - Statistiques

Statistiques générales
  • Ce quiz a été pris 613 fois
  • Le résultat moyen est 15 sur 20
Statistiques - réponses
Par images Hint Réponse % Correct
La Haine / Le Fabuleux Destin d'Amélie Poulain France
96%
OSS 117 : Le Caire, nid d'espions / La Conspiration du Caire Égypte
95%
Parasite / Old Boy Corée du Sud
91%
Bon Baisers de Bruges / Poulet Frites Belgique
89%
Taxi Driver / Fargo États-Unis
89%
Apocalypse Now / Indochine Vietnam
88%
Pour une poignée de dollars / Frida Mexique
86%
La Liste de Schindler / A Real Pain Pologne
86%
Slumdog Millionaire / Indiana Jones et le Temple maudit Inde
82%
Le Tombeau des Lucioles / Ring Japon
78%
District 9 / Invictus Afrique du Sud
75%
Snatch / Braveheart Royaume-Uni
75%
Amadeus / Before Sunrise Autriche
69%
Le Monde de Nemo / Mister Babadook Australie
67%
Les Banshees d'Inisherin / Barry Lyndon Irlande
65%
Le Talentueux Mr Ripley / Porco Rosso Italie
65%
Midsommar / Millénium : Les Hommes qui n'aimaient pas les femmes Suède
60%
Midnight Express / Le Miracle de la cellule 7 Turquie
49%
La Cité de Dieu / Moonraker Brésil
48%
Troll / Insomnia Norvège
45%
Aucun quiz correspondant
Distribution des résultats
% des personnes avec chaque résultat
Percentile par nombre de réponses
Votre historique - résultats
Vous n’avez pas pris ce quiz